000 01337 am a2200361 a 4500
005 20240223093723.0
008 100630s2004||||ag # f |||| 001 0 spa d
020 _a9871154496
041 _aspa
092 _c378
_l68
_sPOS
245 _aPosibles causas del fracaso estudiantil en los primeros años de la universidad /
_cDaniel Augusto Sans
250 _a1a ed.
_bCompiladora Marina Barbabella.
260 _aNeuquén [Neuquén ; Argentina]:
_bEDUCO;
_c2004.
300 _a118 p.
500 _aSans, D. et al. (2004). Posibles causas del fracaso estudiantil en los primeros años de la universidad. (1a ed.). Neuquén : EDUCO.
653 _aFracaso. 12 propuestas para trabajar en la universidad
653 _aDeserción, fracaso académico y lectura
653 _aFracaso estudiantil en contextos complejos y el lugar de la enseñanza
653 _aCambio planificado y aprendizaje significativo
700 1 _aSans, Daniel Augusto
_91125
700 1 _aDuarte, Maria Dolores.
_91126
700 1 _aMarzolla, María Elena.
_91127
700 1 _aMagnarelli, Gladis.
_91128
700 1 _aQuintana, Maria Martha.
_91129
700 1 _aSánchez, Susana Beatriz.
_91130
700 1 _aGarcía, Laura.
_91131
930 _a1376
930 _a1377
930 _a1378
930 _a1391
930 _a1392
942 _2ddc
_cBK
999 _c443
_d443